Normal view
MARC view
Entry Geographic Name
001 - CONTROL NUMBER
- control field: 145
003 - CONTROL NUMBER IDENTIFIER
- control field: csc
005 - DATE AND TIME OF LATEST TRANSACTION
- control field: 20140507162048.0
008 - FIXED-LENGTH DATA ELEMENTS
- fixed length control field: 100211|||a|||||| | ||| d
040 ## - CATALOGING SOURCE
- Original cataloging agency: csc
- Transcribing agency: csc
151 ## - HEADING--GEOGRAPHIC NAME
- Geographic name: Japan
- General subdivision: History
- Chronological subdivision: 1926-1945.
670 ## - SOURCE DATA FOUND
- Source citation: Work cat.: (csc)0: Toland, John. 240, The rising sun :, 2005.